=LDR 00000nam 2200000 4500 =001 000269 =005 20250710123644 =035 ##$$a 0010-0725000104 =245 1#$$a Mawar Istimewa /$c Happy Rose =100 #$$a Mery, Dini Happy Rose =250 ##$$a cetakan kedua =300 ##$$a 36 hlm. : $b ilus. ; $c 29,7 cm$e 398.209 598 =856 ##$$a TBM As Suhada =260 ##$$a Jakarta Timur :$b Kementerian Pendidikan, kebudayaan. riset dan teknologi,$c 2023 =082 ##$$a 398.209 598 =084 ##$$a 398.209 598 MER m =020 ##$$a 978-623-118-853-3 =650 #4$$a Cerita Anak-Indonesia =008 250710################a##########0#ind## =990 ##$$a TBM202500079